000 00652nam a2200277Ia 4500
008 160321s9999||||xx |||||||||||||| ||und||
040 _cEnglish
082 _aXI.B Sharma
082 _bBORI-17225
100 _aS. R. Sharma
245 _aIndia As I See Her
260 _aAgra
260 _bLaxmi Narian Agrawal
300 _a251
300 _cB
300 _ePaperbook
530 _u00064711.pdf
563 _aStudy
600 _aS. R. Sharma
630 _aIndia As I See Her
650 _a"Social History,Culture"
650 _aGeneral Indology
700 _aS. R. Sharma
730 _aIndia As I See Her
942 _cBOOK
999 _c1358162
_d1358159